Normal view
MARC view
- السباحة - تعليم - الرياضة
Entry Topical Term
001 - CONTROL NUMBER
- control field: 37365
003 - CONTROL NUMBER IDENTIFIER
- control field: JO-AjAnu
005 - DATE AND TIME OF LATEST TRANSACTION
- control field: 20230606080230.0
008 - FIXED-LENGTH DATA ELEMENTS
- fixed length control field: 230606|| aca||aabn | a|a d
040 ## - CATALOGING SOURCE
- Original cataloging agency: JO-AjAnu
- Transcribing agency: JO-AjAnu
150 ## - HEADING--TOPICAL TERM
- Topical term or geographic name entry element: السباحة - تعليم - الرياضة
670 ## - SOURCE DATA FOUND
- Source citation: Work cat.: (JO-AjAnu)19173: البيك، علي، م.مشارك حلمى، عصام، م.مشارك النموري، عادل, author 37364, اتجاهات حديثة في تعليم السباحة